[Event "Punta Arenas 3rd"]
[Site "Punta Arenas"]
[Date "2018.02.07"]
[Round "4"]
[White "Mattioni Cardenas, Aldo"]
[Black "Henriquez Villagra, Cristobal"]
[Result "0-1"]
[WhiteElo "1844"]
[BlackElo "2501"]
[PlyCount "64"]
[EventDate "2018.02.05"]
[EventType "tourn"]
[EventRounds "9"]
[EventCountry "CHI"]
[SourceTitle "CBM 182 Extra"]
[Source "ChessBase"]
[SourceDate "2018.02.23"]
[SourceVersion "1"]
[SourceVersionDate "2018.02.23"]
[SourceQuality "1"]

1. e4 c5 2. Nf3 d6 3. d4 cxd4 4. Nxd4 Nf6 5. Nc3 Nc6 6. Be3 Ng4 7. Nxc6 bxc6 8. Bf4 Qb6 9. Qd2 e5 10. Bg3 Qxb2 11. Rb1 Qa3 12. Be2 Be7 13. 0-0 h5 14. f3 Qc5+ 15. Kh1 h4 16. fxg4 hxg3 17. h3 Be6 18. Qd3 Bh4 19. Rb7 0-0 20. Rfb1 Rad8 21. Rc7 Rc8 22. Rbb7 Rxc7 23. Rxc7 Qb6 24. Qxd6 Rd8 25. Qxc6 Qf2 26. Qc5 Rd4 27. Qb5 Qe1+ 28. Bf1 Bc4 29. Qb8+ Kh7 30. Rxf7 Bxf1 31. Rxg7+ Kxg7 32. Qxe5+ Bf6 0-1